[Event "Hamar CC-ch A"]
[Site "Hamar"]
[Date "2019.05.12"]
[Round "9"]
[White "Kristiansen, Ole Jakob"]
[Black "Ulekleiv, Jan Ivar"]
[Result "1-0"]
[WhiteElo "1935"]
[BlackElo "1696"]
[PlyCount "81"]
[EventDate "2019.02.21"]
[EventType "swiss"]
[EventRounds "9"]
[EventCountry "NOR"]
[SourceTitle "EXT 2024"]
[Source "ChessBase"]
[SourceDate "2023.10.10"]
[SourceVersion "1"]
[SourceVersionDate "2023.10.10"]
[SourceQuality "1"]

1. e4 e5 2. Nc3 Nc6 3. g3 Nf6 4. Bg2 Bc5 5. Na4 Be7 6. c4 d6 7. Ne2 0-0 8. d4 Nd7 9. d5 Na5 10. b3 c6 11. Nac3 cxd5 12. Nxd5 Nc6 13. 0-0 Nb6 14. Nxe7+ Qxe7 15. a4 Be6 16. a5 Nd7 17. Nc3 Nd4 18. Be3 Nc5 19. Bxd4 exd4 20. Nb5 d3 21. Nd4 Qf6 22. Nxe6 fxe6 23. b4 Nd7 24. Qxd3 Ne5 25. Qe2 Rac8 26. Rac1 Nf3+ 27. Kh1 Nd4 28. Qd3 e5 29. f4 Qe7 30. fxe5 dxe5 31. Rxf8+ Rxf8 32. c5 Qg5 33. Qc4+ Kh8 34. Rf1 Rxf1+ 35. Qxf1 Kg8 36. a6 bxa6 37. c6 Qe7 38. Qc4+ Qe6 39. Bf1 Kf7 40. c7 Qxc4 41. Bxc4+ 1-0

[Event "Hedmark & Oppland Region-ch"]
[Site "Lillehammer"]
[Date "2019.04.27"]
[Round "2"]
[White "Skaansar, Lasse"]
[Black "Ulekleiv, Jan Ivar"]
[Result "0-1"]
[WhiteElo "1368"]
[BlackElo "1696"]
[PlyCount "70"]
[EventDate "2019.04.27"]
[EventType "swiss"]
[EventRounds "5"]
[EventCountry "NOR"]
[SourceTitle "EXT 2024"]
[Source "ChessBase"]
[SourceDate "2023.10.10"]
[SourceVersion "1"]
[SourceVersionDate "2023.10.10"]
[SourceQuality "1"]

1. Nf3 Nf6 2. b3 g6 3. Bb2 Bg7 4. e3 d6 5. d4 0-0 6. Be2 c5 7. d5 Qa5+ 8. Bc3 Qc7 9. 0-0 a6 10. a4 Bf5 11. Nh4 Bc8 12. Ra2 Rd8 13. Ba1 Nbd7 14. c4 Ne5 15. Nd2 e6 16. Bxe5 dxe5 17. e4 exd5 18. exd5 Ne8 19. Re1 f5 20. g3 Nd6 21. Ndf3 Bf6 22. Qd2 f4 23. gxf4 e4 24. Ng5 h6 25. Ne6 Bxe6 26. dxe6 Bxh4 27. Qd5 Qe7 28. Bg4 e3 29. Rxe3 Nf5 30. Qe5 Nxe3 31. Qxe3 Rd4 32. Ra1 Rf8 33. Rd1 Rdxf4 34. f3 Rxg4+ 35. fxg4 Bf2+ 0-1

[Event "Hamar CC-ch A"]
[Site "Hamar"]
[Date "2019.02.28"]
[Round "2"]
[White "Ulekleiv, Jan Ivar"]
[Black "Brobakken, Vidar"]
[Result "1-0"]
[WhiteElo "1696"]
[BlackElo "1367"]
[PlyCount "79"]
[EventDate "2019.02.21"]
[EventType "swiss"]
[EventRounds "9"]
[EventCountry "NOR"]
[SourceTitle "EXT 2024"]
[Source "ChessBase"]
[SourceDate "2023.10.10"]
[SourceVersion "1"]
[SourceVersionDate "2023.10.10"]
[SourceQuality "1"]

1. e4 e6 2. d4 d5 3. Nd2 Nf6 4. Bd3 c5 5. e5 Nfd7 6. c3 Nc6 7. Ne2 cxd4 8. cxd4 Be7 9. f4 f5 10. 0-0 0-0 11. Nf3 Nb6 12. Qe1 Bd7 13. Bd2 Rc8 14. a3 a6 15. Qg3 Rf7 16. b3 Qf8 17. Ng5 Bxg5 18. fxg5 g6 19. h4 Be8 20. Nf4 Re7 21. Be3 Na5 22. Qe1 Nc6 23. g4 Nd8 24. Bd2 Nc6 25. Qe3 Bf7 26. gxf5 gxf5 27. Rf2 Qe8 28. Be2 Nd7 29. Kh1 Nf8 30. h5 Rec7 31. Rg1 Ne7 32. Rh2 Kh8 33. g6 Nexg6 34. hxg6 Nxg6 35. Qg3 Rc2 36. Bd1 Rxd2 37. Rxd2 Qf8 38. Rh2 Nxf4 39. Qxf4 Bg6 40. Rxg6 1-0

[Event "Hamar CC-ch A"]
[Site "Hamar"]
[Date "2018.03.01"]
[Round "5"]
[White "Haukenes, Elias"]
[Black "Ulekleiv, Jan Ivar"]
[Result "0-1"]
[WhiteElo "1290"]
[BlackElo "1688"]
[PlyCount "84"]
[EventDate "2018.01.04"]
[EventType "swiss"]
[EventRounds "9"]
[EventCountry "NOR"]
[SourceTitle "EXT 2024"]
[Source "ChessBase"]
[SourceDate "2023.10.10"]
[SourceVersion "1"]
[SourceVersionDate "2023.10.10"]
[SourceQuality "1"]

1. d4 d5 2. Nf3 Nf6 3. Bf4 c5 4. c3 Nc6 5. Nbd2 Bf5 6. e3 e6 7. Qb3 Qb6 8. Qxb6 axb6 9. Bb5 Nd7 10. 0-0 Be7 11. Nb3 0-0 12. Nfd2 h5 13. f3 e5 14. Bg3 Bf6 15. e4 dxe4 16. fxe4 Bg6 17. d5 Ncb8 18. Nc4 Bxe4 19. Rae1 Bxd5 20. Nxe5 Nxe5 21. Bxe5 Bxe5 22. Rxe5 Bc6 23. Bd3 Rxa2 24. Rxh5 g6 25. Rg5 Rxb2 26. Nc1 Kg7 27. h4 Rh8 28. Be2 Rxh4 29. Re5 Nd7 30. Re7 Nf6 31. Nd3 Rd2 32. Nf4 Kf8 33. Rc7 Kg8 34. Bc4 Nd7 35. Rc8+ Kg7 36. Ne2 Ne5 37. Bxf7 Nxf7 38. Rc7 Rxe2 39. Rfxf7+ Kg8 40. Rg7+ Kh8 41. Rgf7 Rxg2+ 42. Kf1 Rh1# 0-1

[Event "Hamar op A"]
[Site "Hamar"]
[Date "2017.09.07"]
[Round "1"]
[White "Bakken, Svein Arne"]
[Black "Ulekleiv, Jan Ivar"]
[Result "1-0"]
[WhiteElo "1427"]
[BlackElo "1704"]
[PlyCount "91"]
[EventDate "2017.09.07"]
[EventType "swiss"]
[EventRounds "7"]
[EventCountry "NOR"]
[SourceTitle "EXT 2024"]
[Source "ChessBase"]
[SourceDate "2023.10.10"]
[SourceVersion "1"]
[SourceVersionDate "2023.10.10"]
[SourceQuality "1"]

1. e4 c5 2. Nf3 d6 3. d4 cxd4 4. Nxd4 Nf6 5. Nc3 a6 6. f3 e5 7. Nb3 Be6 8. Be2 Be7 9. Be3 Nc6 10. 0-0 0-0 11. Nd5 Bxd5 12. exd5 Nb4 13. c4 b5 14. a3 bxc4 15. Bxc4 Rc8 16. Rc1 Rxc4 17. Rxc4 Nbxd5 18. Bf2 Nf4 19. Rc6 Qa8 20. Qc2 Nd3 21. Rc7 Nxf2 22. Rxe7 Nd5 23. Rd7 Nh3+ 24. gxh3 Ne3 25. Qe4 Qc8 26. Rxd6 Nxf1 27. Kxf1 Qxh3+ 28. Kg1 g6 29. Qd5 Qh4 30. Qxe5 Qc4 31. Nd2 Qa4 32. Qd4 Qb5 33. Ne4 Rc8 34. Rd8+ Rxd8 35. Qxd8+ Kg7 36. Qd4+ Kh6 37. Nf2 Qg5+ 38. Ng4+ Kh5 39. Kf2 f5 40. Nf6+ Kh6 41. h4 Qc1 42. Qe3+ Qxe3+ 43. Kxe3 g5 44. hxg5+ Kg6 45. Kf4 h5 46. Nxh5 1-0

[Event "Elverum Region-ch A"]
[Site "Elverum"]
[Date "2017.04.01"]
[Round "3"]
[White "Torp, Elliot Sveum"]
[Black "Ulekleiv, Jan Ivar"]
[Result "1/2-1/2"]
[WhiteElo "1232"]
[BlackElo "1658"]
[PlyCount "94"]
[EventDate "2017.04.01"]
[EventType "swiss"]
[EventRounds "5"]
[EventCountry "NOR"]
[SourceTitle "EXT 2024"]
[Source "ChessBase"]
[SourceDate "2023.10.10"]
[SourceVersion "1"]
[SourceVersionDate "2023.10.10"]
[SourceQuality "1"]

1. e4 c5 2. Nf3 d6 3. d4 cxd4 4. Nxd4 Nf6 5. Nc3 a6 6. Bc4 e6 7. a3 Be7 8. Be3 0-0 9. f3 Nc6 10. Qd2 Bd7 11. 0-0 Rc8 12. Nxc6 Bxc6 13. Bb3 Qc7 14. Rfd1 b5 15. Rac1 Rfd8 16. Qf2 Rb8 17. Rd2 Nd7 18. Bf4 Nb6 19. Ne2 Nc4 20. Bxc4 bxc4 21. b3 e5 22. Be3 Qa5 23. a4 f5 24. exf5 d5 25. bxc4 d4 26. Nxd4 exd4 27. Rxd4 Rxd4 28. Bxd4 Qxf5 29. Qg3 Qg5 30. Qxb8+ Kf7 31. Re1 Bxf3 32. Rxe7+ Kxe7 33. Qe5+ Qxe5 34. Bxe5 Bd1 35. a5 g6 36. Bc7 Bxc2 37. Bb6 Be4 38. Kf2 Ke6 39. g4 Ke5 40. Kg3 Bd3 41. c5 Bb5 42. Kh4 h6 43. Kg3 Bd7 44. h4 Ke4 45. g5 h5 46. Ba7 Bb5 47. Bb6 Kf5 1/2-1/2

[Event "Elverum Region-ch A"]
[Site "Elverum"]
[Date "2017.04.01"]
[Round "2"]
[White "Ulekleiv, Jan Ivar"]
[Black "Mellem, Nicolas Axel"]
[Result "0-1"]
[WhiteElo "1658"]
[BlackElo "2113"]
[PlyCount "122"]
[EventDate "2017.04.01"]
[EventType "swiss"]
[EventRounds "5"]
[EventCountry "NOR"]
[SourceTitle "EXT 2024"]
[Source "ChessBase"]
[SourceDate "2023.10.10"]
[SourceVersion "1"]
[SourceVersionDate "2023.10.10"]
[SourceQuality "1"]

1. e4 c5 2. Nf3 e6 3. d4 cxd4 4. Nxd4 Nf6 5. Bd3 Nc6 6. Nb5 a6 7. N5c3 d5 8. 0-0 Be7 9. Re1 d4 10. Ne2 e5 11. Ng3 0-0 12. Nf5 Bxf5 13. exf5 Re8 14. Nd2 Rc8 15. a3 Bd6 16. Ne4 Nxe4 17. Rxe4 Be7 18. Qh5 Bf6 19. Bd2 Ne7 20. Rae1 Qd7 21. Rg4 Nd5 22. g3 Rc6 23. Rge4 Re7 24. Qg4 Kh8 25. h4 Rc8 26. h5 h6 27. Qf3 Kg8 28. Rg4 Kh8 29. Be4 Rd8 30. Qb3 Qd6 31. Rd1 Red7 32. c3 b5 33. cxd4 exd4 34. Ba5 Rc8 35. Bxd5 Qxd5 36. Qxd5 Rxd5 37. Bb6 Rc6 38. Ba5 Rxf5 39. Re4 Rxh5 40. Kg2 Rd5 41. Rd2 Re6 42. Kf3 Rf5+ 43. Kg4 g6 44. Rxe6 h5+ 45. Kh3 fxe6 46. Bc7 e5 47. Kg2 Bg7 48. f3 Rf7 49. Bb6 Rb7 50. Ba5 Rd7 51. Kf2 Bh6 52. Rd1 Kg7 53. Ke2 Kf6 54. Kd3 Kf5 55. Re1 Be3 56. Re2 g5 57. Rh2 Rh7 58. Be1 Rh6 59. Ke2 g4 60. fxg4+ hxg4 61. Rxh6 Bxh6 0-1

[Event "Hamar CC-ch A"]
[Site "Hamar"]
[Date "2017.02.02"]
[Round "3"]
[White "Ulekleiv, Jan Ivar"]
[Black "Orsleie, Sivert Nikolai"]
[Result "1-0"]
[WhiteElo "1633"]
[BlackElo "1313"]
[PlyCount "89"]
[EventDate "2017.01.05"]
[EventType "swiss"]
[EventRounds "9"]
[EventCountry "NOR"]
[SourceTitle "EXT 2024"]
[Source "ChessBase"]
[SourceDate "2023.10.10"]
[SourceVersion "1"]
[SourceVersionDate "2023.10.10"]
[SourceQuality "1"]

1. e4 c5 2. Nf3 Nc6 3. Bb5 g6 4. 0-0 Bg7 5. c3 e6 6. Bxc6 bxc6 7. Na3 Ne7 8. d3 0-0 9. Be3 d6 10. Qd2 Ba6 11. Bh6 Rb8 12. Bxg7 Kxg7 13. c4 f6 14. Qc3 Kg8 15. d4 Qb6 16. Rab1 Bc8 17. Nc2 cxd4 18. Nfxd4 e5 19. Ne2 Be6 20. Rfd1 Rfd8 21. Ne3 Kg7 22. Kh1 Qa6 23. a3 d5 24. Nc2 d4 25. Qf3 Bxc4 26. Ng3 Rb3 27. Qg4 Kh8 28. h4 c5 29. h5 Be6 30. Qh4 g5 31. Qh2 Rdb8 32. h6 Bf7 33. Ne1 Rxb2 34. Rxb2 Rxb2 35. Nd3 Rc2 36. Qh3 Be6 37. Qh5 Ng6 38. Qf3 Bd7 39. Rb1 Qd6 40. Rb8+ Nf8 41. Nxe5 Kg8 42. Nxd7 Qxd7 43. Qb3+ c4 44. Qxc2 Qc7 45. Rb4 1-0

[Event "Hamar CC-ch A"]
[Site "Hamar"]
[Date "2017.01.19"]
[Round "2"]
[White "Torp, Elliot Sveum"]
[Black "Ulekleiv, Jan Ivar"]
[Result "1/2-1/2"]
[WhiteElo "1232"]
[BlackElo "1633"]
[PlyCount "122"]
[EventDate "2017.01.05"]
[EventType "swiss"]
[EventRounds "9"]
[EventCountry "NOR"]
[SourceTitle "EXT 2024"]
[Source "ChessBase"]
[SourceDate "2023.10.10"]
[SourceVersion "1"]
[SourceVersionDate "2023.10.10"]
[SourceQuality "1"]

1. e4 c5 2. Nf3 d6 3. d4 cxd4 4. Nxd4 Nf6 5. Nc3 a6 6. Be2 e5 7. Nb3 Be6 8. Bg5 Be7 9. Bxf6 Bxf6 10. Nd5 Bg5 11. 0-0 Nd7 12. f4 Bxd5 13. Qxd5 Qb6+ 14. Kh1 Bxf4 15. Rad1 Nf6 16. Qxd6 Qxd6 17. Rxd6 Nxe4 18. Rb6 Nf2+ 19. Rxf2 Be3 20. Rxf7 Bxb6 21. Rxb7 Be3 22. Rxg7 Kf8 23. Rd7 a5 24. a4 Bb6 25. Rb7 Bd8 26. Bh5 Rc8 27. c3 Rc4 28. Rf7+ Kg8 29. Rd7 Rc8 30. Nd2 Bf6 31. Ne4 Rf8 32. Nxf6+ Rxf6 33. Kg1 Rb6 34. Re7 Rxb2 35. Rxe5 Rc2 36. Rxa5 Rxc3 37. Ra8+ Kg7 38. Rxh8 Kxh8 39. Be8 Kg7 40. h3 Kf6 41. Kh2 Kg5 42. Bb5 h5 43. Bd7 h4 44. Bb5 Kf4 45. Bd7 Ke3 46. Bb5 Kf2 47. Ba6 Rc6 48. Bb7 Rb6 49. Bf3 Ra6 50. a5 Rxa5 51. Bc6 Ra3 52. Bf3 Rxf3 53. gxf3 Kxf3 54. Kg1 Kg3 55. Kh1 Kxh3 56. Kg1 Kg3 57. Kh1 h3 58. Kg1 Kg4 59. Kh2 Kh4 60. Kg1 Kg3 61. Kh1 h2 1/2-1/2

[Event "Hamar op A"]
[Site "Hamar"]
[Date "2016.12.01"]
[Round "7"]
[White "Ulekleiv, Jan Ivar"]
[Black "Holm, Ragnar"]
[Result "0-1"]
[WhiteElo "1663"]
[BlackElo "2041"]
[PlyCount "48"]
[EventDate "2016.09.01"]
[EventType "swiss"]
[EventRounds "7"]
[EventCountry "NOR"]
[SourceTitle "EXT 2024"]
[Source "ChessBase"]
[SourceDate "2023.10.10"]
[SourceVersion "1"]
[SourceVersionDate "2023.10.10"]
[SourceQuality "1"]

1. e4 c5 2. Nf3 e6 3. d4 cxd4 4. Nxd4 Nc6 5. Nc3 Qc7 6. g3 a6 7. Bf4 e5 8. Nd5 Qb8 9. Nb6 Nxd4 10. Nxa8 Ne6 11. Be3 Qxa8 12. Bc4 Nf6 13. f3 b5 14. Bb3 Bb7 15. c3 d5 16. a4 b4 17. exd5 Nxd5 18. Bxd5 Bxd5 19. 0-0 bxc3 20. bxc3 Be7 21. Qe2 0-0 22. Rab1 Rc8 23. Qd3 Bc4 24. Qd7 Rc7 0-1